[Event "NATO-ch 22nd"]
[Site "Kaunas"]
[Date "2011.08.10"]
[Round "4"]
[White "Vuitton, Gilles"]
[Black "Vaznonis, Vytautas"]
[Result "1/2-1/2"]
[WhiteElo "2094"]
[BlackElo "2395"]
[PlyCount "46"]
[EventDate "2011.08.08"]
[EventType "swiss"]
[EventRounds "7"]
[EventCountry "LTU"]
[SourceTitle "CBM 143 Extra"]
[Source "ChessBase"]
[SourceDate "2011.08.29"]
[SourceVersion "1"]
[SourceVersionDate "2011.08.29"]
[SourceQuality "1"]

1. c4 Nf6 2. Nc3 c5 3. Nf3 e6 4. e3 d5 5. d4 Nc6 6. cxd5 exd5 7. Bb5 Bd6 8. dxc5 Bxc5 9. Bxc6+ bxc6 10. Qa4 Qd6 11. 0-0 0-0 12. e4 Ng4 13. exd5 cxd5 14. Bf4 Qg6 15. Qb5 Qb6 16. Qxb6 axb6 17. h3 Nf6 18. Be5 Ne4 19. Bd4 Ba6 20. Rfd1 Bxd4 21. Rxd4 Nxc3 22. bxc3 Bc4 23. Ne5 Rfc8 1/2-1/2

[Event "NATO-ch 22nd"]
[Site "Kaunas"]
[Date "2011.08.09"]
[Round "3"]
[White "Vuitton, Gilles"]
[Black "Krainski, Slawomir"]
[Result "1-0"]
[WhiteElo "2094"]
[BlackElo "2099"]
[PlyCount "133"]
[EventDate "2011.08.08"]
[EventType "swiss"]
[EventRounds "7"]
[EventCountry "LTU"]
[SourceTitle "CBM 143 Extra"]
[Source "ChessBase"]
[SourceDate "2011.08.29"]
[SourceVersion "1"]
[SourceVersionDate "2011.08.29"]
[SourceQuality "1"]

1. c4 e5 2. g3 Nf6 3. Bg2 d5 4. cxd5 Nxd5 5. Nf3 Nc6 6. 0-0 Nb6 7. b3 Be7 8. Bb2 Bf6 9. Nc3 Bf5 10. d3 0-0 11. Nd2 Re8 12. Nce4 Be7 13. Rc1 Nd7 14. a3 a5 15. e3 Bf8 16. Qc2 Qe7 17. h3 Rad8 18. Rfd1 Kh8 19. Nb1 f6 20. Nbc3 Nb6 21. Kh2 Rd7 22. Nb5 Red8 23. Qb1 Qf7 24. Bc3 a4 25. bxa4 Nxa4 26. Be1 Be6 27. Nec3 Nc5 28. d4 exd4 29. Bxc6 bxc6 30. Nxd4 Bd5 31. Nxd5 cxd5 32. Qb5 Ne4 33. Nc6 Re8 34. a4 Ng5 35. Qe2 Re4 36. f4 Ne6 37. a5 Ra4 38. Qb5 Ra2+ 39. Rd2 Ra3 40. Bf2 d4 41. exd4 Nd8 42. d5 Nxc6 43. Rxc6 Rd8 44. a6 Qe8 45. Qc4 Bd6 46. Ra2 Rxa2 47. Qxa2 Ra8 48. a7 h5 49. h4 g5 50. fxg5 fxg5 51. Bd4+ Kg8 52. Qd2 Qg6 53. Qxg5 Qxg5 54. hxg5 h4 55. Rc2 hxg3+ 56. Kg2 Kf7 57. Rb2 c6 58. dxc6 Ke6 59. Rc2 Kd5 60. c7 Bxc7 61. Rxc7 Kxd4 62. g6 Ke5 63. g7 Kf6 64. Rb7 Kf5 65. Rb8 Rxa7 66. g8Q Ra2+ 67. Qxa2 1-0

[Event "FRA-chT1 1011"]
[Site "France"]
[Date "2010.12.11"]
[Round "4.6"]
[White "Duquesnoy, Jean Philippe"]
[Black "Vuitton, Gilles"]
[Result "1-0"]
[WhiteElo "2184"]
[BlackElo "2142"]
[PlyCount "95"]
[EventDate "2010.10.17"]
[EventType "team-tourn"]
[EventRounds "11"]
[EventCountry "FRA"]
[SourceTitle "EXT 2012"]
[Source "ChessBase"]
[SourceDate "2011.11.24"]
[SourceVersion "1"]
[SourceVersionDate "2011.11.24"]
[SourceQuality "1"]

1. d4 e6 2. c4 Nf6 3. g3 Bb4+ 4. Bd2 Qe7 5. Bg2 Nc6 6. a3 Bxd2+ 7. Qxd2 a5 8. Nf3 0-0 9. 0-0 d6 10. Nc3 a4 11. Qc2 Bd7 12. Nxa4 Nxd4 13. Nxd4 Bxa4 14. b3 c5 15. Nxe6 Bxb3 16. Qxb3 fxe6 17. Qxb7 Qxb7 18. Bxb7 Ra4 19. Rfc1 Ng4 20. Bc6 Ra7 21. f3 Ne5 22. Bb5 g5 23. a4 Rc8 24. Rd1 Nf7 25. Kf2 Kf8 26. Rd2 Ke7 27. Rh1 Ne5 28. Rhd1 Nf7 29. Kg2 h6 30. h3 Rd8 31. Kf2 Ne5 32. f4 gxf4 33. gxf4 Ng6 34. e3 Nh4 35. Rg1 Kf6 36. e4 d5 37. cxd5 exd5 38. Rxd5 Rxd5 39. exd5 Nf5 40. Rc1 Nd6 41. Bc6 c4 42. Kf3 Ra5 43. Ke3 Nf5+ 44. Kd2 Nd6 45. Kc3 Kf5 46. Kb4 Ra7 47. Kc5 Ne4+ 48. Kb6 1-0

[Event "FRA-chT1 1011"]
[Site "France"]
[Date "2010.11.13"]
[Round "2.8"]
[White "Vuitton, Gilles"]
[Black "Lamotte, Gaelle"]
[Result "1/2-1/2"]
[WhiteElo "2142"]
[BlackElo "1918"]
[PlyCount "62"]
[EventDate "2010.10.17"]
[EventType "team-tourn"]
[EventRounds "11"]
[EventCountry "FRA"]
[SourceTitle "EXT 2012"]
[Source "ChessBase"]
[SourceDate "2011.11.24"]
[SourceVersion "1"]
[SourceVersionDate "2011.11.24"]
[SourceQuality "1"]

1. c4 e5 2. g3 Nf6 3. Bg2 d5 4. cxd5 Nxd5 5. Nf3 Nc6 6. 0-0 Be7 7. d4 exd4 8. Nxd4 Nxd4 9. Qxd4 Nf6 10. Qxd8+ Bxd8 11. Nc3 0-0 12. Bf4 c6 13. Rfd1 Be6 14. Bd6 Re8 15. e4 Bb6 16. Na4 Bg4 17. Nxb6 axb6 18. f3 Be6 19. a3 Nd7 20. Rac1 b5 21. Rc3 Nb6 22. b3 Nc8 23. Bb4 Ne7 24. f4 b6 25. Bxe7 Rxe7 26. f5 Bd7 27. Rcd3 Be8 28. Rd8 Rxa3 29. R1d6 c5 30. Rxb6 Rxb3 31. Rbb8 Kf8 1/2-1/2

[Event "FRA-chT1 0910"]
[Site "France"]
[Date "2009.10.17"]
[Round "2.5"]
[White "Vuitton, Gilles"]
[Black "Bafounta, Denis"]
[Result "1/2-1/2"]
[WhiteElo "2157"]
[BlackElo "2267"]
[PlyCount "41"]
[EventDate "2009.09.27"]
[EventType "team-tourn"]
[EventRounds "11"]
[EventCountry "FRA"]
[SourceTitle "EXT 2011"]
[Source "ChessBase"]
[SourceDate "2010.11.26"]
[SourceVersion "1"]
[SourceVersionDate "2010.11.26"]
[SourceQuality "1"]

1. c4 e6 2. Nf3 d5 3. b3 Nf6 4. g3 Be7 5. Bg2 0-0 6. 0-0 c6 7. Bb2 Nbd7 8. d3 b6 9. Nbd2 Bb7 10. Qc2 Rc8 11. Rad1 Qc7 12. e4 dxe4 13. dxe4 c5 14. e5 Ng4 15. Rfe1 Rcd8 16. h3 Nh6 17. g4 Nb8 18. Ne4 Rxd1 19. Rxd1 Rd8 20. Nd6 Bxf3 21. Bxf3 1/2-1/2

[Event "Besancon op"]
[Site "Besancon"]
[Date "1998.??.??"]
[Round "?"]
[White "Vuitton, Gilles"]
[Black "Kogan, Artur"]
[Result "0-1"]
[WhiteElo "2230"]
[BlackElo "2505"]
[PlyCount "66"]
[EventDate "1998.??.??"]
[EventType "swiss"]
[EventRounds "7"]
[EventCountry "FRA"]
[SourceTitle "EXT 1999"]
[Source "ChessBase"]
[SourceDate "1998.11.16"]
[SourceVersion "1"]
[SourceVersionDate "1998.11.16"]
[SourceQuality "1"]

1. c4 e5 2. Nc3 Nf6 3. Nf3 e4 4. Ng5 b5 5. d3 bxc4 6. dxe4 Bb7 7. e5 h6 8. exf6 hxg5 9. Bxg5 gxf6 10. Qd4 Bg7 11. Ne4 Bxe4 12. Qxe4+ Kf8 13. Qxa8 fxg5 14. 0-0-0 Rh6 15. e3 Rb6 16. Rd2 c3 17. Rc2 Qe7 18. Bd3 cxb2+ 19. Kb1 Qa3 20. Qe4 Nc6 21. Bc4 Qa4 22. Qd5 Qxc2+ 23. Kxc2 Nb4+ 24. Kb1 Nxd5 25. Bxd5 a5 26. Bb3 Ke7 27. Rd1 g4 28. Rd5 Rf6 29. Re5+ Kf8 30. Rxa5 Rxf2 31. Rd5 Ke7 32. a4 Re2 33. Rd3 c5 0-1